| 000 | 004410000a22001690004500 | ||
|---|---|---|---|
| 003 | MACL | ||
| 005 | 20151220123005.0 | ||
| 008 | 151220b xxu||||| |||| 00| 0 eng d | ||
| 040 |
_aMACL _cMACL |
||
| 041 | _aEnglish | ||
| 082 | _a635/BRI | ||
| 100 |
_aBrickell, Christopher _921562 |
||
| 245 | _aEncyclopedia of Gardening | ||
| 260 |
_bA Dorling Kindersley Book _c1994 _aLondon |
||
| 650 |
_aGardening _917630 |
||
| 942 |
_cBK _k635.03/BRI _2ddc |
||
| 999 |
_c40217 _d40217 |
||